000 00623nam a22001697a 4500
003 OSt
005 20171010095526.0
008 121003t xxu||||| |||| 00| 0 eng d
040 _aMMSU
_cULS
100 _aGaliza, Renalyn N.
_913000
245 _aWater quality assessment of the coastal area of Dirique bay, Pasuquin, Ilocos Norte
_cRenalyn N. Galiza
260 _c2008
300 _axiii, 36 leaves
_c28 cm.
500 _aThesis (BS Environmental Science) -- Mariano Marcos State University-College of Agriculture, Food and Sustainable Development, Batac City
504 _aBibliography: leaf 30
942 _2ddc
_cTHEDIS
999 _c9792
_d9792